[Event "Madrid ch - Previa B"]
[Site "Madrid"]
[Date "2009.11.05"]
[Round "1.1"]
[White "Beltran De Heredia E., Miguel"]
[Black "Mosteiro Montoro, Alvaro"]
[Result "1-0"]
[WhiteElo "2054"]
[BlackElo "1777"]
[PlyCount "41"]
[EventDate "2009.11.05"]
[EventType "swiss"]
[EventRounds "9"]
[EventCountry "ESP"]
[Source "lmi"]
[SourceDate "2009.11.05"]

1. e4 c5 2. Nf3 Nc6 3. d4 cxd4 4. Nxd4 e5 5. Nb5 a6 6. Nd6+ Bxd6 7. Qxd6 Qe7 8.
Qd1 Nf6 9. Nc3 O-O 10. Be2 Nd4 11. O-O d6 12. Bg5 Be6 13. f4 exf4 14. Qxd4 h6
15. Bxf6 gxf6 16. Rxf4 Kh7 17. Qxf6 Qc7 18. Rh4 Qc5+ 19. Kh1 Qe3 20. e5 Qxe5
21. Qxh6+ 1-0

[Event "Madrid ch - Previa B"]
[Site "Madrid"]
[Date "2009.11.05"]
[Round "1.2"]
[White "Lopez Garralon, Miguel"]
[Black "Gomez Gonzalez, Javier"]
[Result "0-1"]
[WhiteElo "1777"]
[BlackElo "2044"]
[PlyCount "96"]
[EventDate "2009.11.05"]
[EventType "swiss"]
[EventRounds "9"]
[EventCountry "ESP"]
[Source "lmi"]
[SourceDate "2009.11.05"]

1. e4 d6 2. d4 Nf6 3. Bd3 e5 4. c3 Nc6 5. Nf3 h6 6. h3 g5 7. Be3 Bg7 8. Nbd2 g4
9. hxg4 Nxg4 10. Qc2 Bd7 11. O-O-O exd4 12. cxd4 Qe7 13. Rde1 O-O-O 14. d5 Nb4
15. Qb3 Nxd3+ 16. Qxd3 Nxe3 17. Rxe3 Kb8 18. Kb1 Qf6 19. Qb3 Ba4 20. Qa3 Rhe8
21. Rhe1 Bb5 22. Nb3 Qf4 23. g3 Qg4 24. Nbd4 Bd7 25. Qb4 Ka8 26. Nh4 Bxd4 27.
Qxd4 f5 28. Qf6 Rf8 29. Qxh6 fxe4 30. Rxe4 Qg8 31. Qd2 Rf7 32. R4e3 Rdf8 33. f4
Rg7 34. Qc3 a6 35. Kc1 Bh3 36. f5 Rgf7 37. Ng6 Rb8 38. Ne7 Qg5 39. Qxc7 Bxf5
40. Qxd6 Bh7 41. Qe5 Qg4 42. d6 Rf2 43. R3e2 Rf3 44. Nd5 Rc8+ 45. Nc3 Qg6 46.
Re4 Qh6+ 47. R4e3 Qg6 48. Rxf3 Qc2# 0-1

[Event "Madrid ch - Previa B"]
[Site "Madrid"]
[Date "2009.11.05"]
[Round "1.3"]
[White "Martin Duque, Jesus"]
[Black "Garcia Salamero, Hector"]
[Result "1-0"]
[WhiteElo "2020"]
[BlackElo "1774"]
[PlyCount "135"]
[EventDate "2009.11.05"]
[EventType "swiss"]
[EventRounds "9"]
[EventCountry "ESP"]
[Source "lmi"]
[SourceDate "2009.11.05"]

1. e4 e5 2. Nf3 Nc6 3. Nc3 Nf6 4. d4 Bb4 5. Nxe5 Nxe5 6. dxe5 Nxe4 7. Qg4 Nxc3
8. Qxb4 Nd5 9. Qe4 Ne7 10. Bd3 d5 11. exd6 Qxd6 12. Bf4 Qb6 13. O-O Be6 14. Be3
Qc6 15. Qxc6+ Nxc6 16. Be4 Bd7 17. Rad1 O-O-O 18. c3 h6 19. b4 a6 20. a4 Rhe8
21. Bd3 f6 22. b5 axb5 23. axb5 Ne7 24. Bc4 Nf5 25. Ra1 Be6 26. Ra8+ Kd7 27.
Rd1+ Nd6 28. Rxd8+ Rxd8 29. Bf1 Ke7 30. Bc5 b6 31. Bb4 Ra8 32. Re1 Kf7 33. g3
Ra4 34. Rd1 Ke7 35. Bg2 Ra7 36. Bc6 Ra4 37. Kg2 Ra7 38. Rd4 g5 39. c4 Ra1 40.
c5 bxc5 41. Bxc5 Rc1 42. Bb4 Bd7 43. Bxd7 Kxd7 44. b6 Rc6 45. Bxd6 cxd6 46. Rb4
Rc8 47. Kf3 f5 48. Ke3 Rb8 49. Rb5 Ke6 50. Kd4 Rb7 51. f4 gxf4 52. gxf4 Rb8 53.
b7 Kd7 54. Rxf5 Kc6 55. Rf7 Rxb7 56. Rxb7 Kxb7 57. Kd5 Kc7 58. f5 Kd7 59. f6
Ke8 60. Kxd6 Kf7 61. Ke5 Kf8 62. Kf5 Kf7 63. h3 h5 64. h4 Kf8 65. Kg6 Kg8 66.
Kxh5 Kf7 67. Kg5 Kf8 68. Kg6 1-0

[Event "Madrid ch - Previa B"]
[Site "Madrid"]
[Date "2009.11.05"]
[Round "1.4"]
[White "Benito Aragoneses, Miguel Angel"]
[Black "Tome Vazquez, Oscar"]
[Result "0-1"]
[WhiteElo "1747"]
[BlackElo "2020"]
[PlyCount "36"]
[EventDate "2009.11.05"]
[EventType "swiss"]
[EventRounds "9"]
[EventCountry "ESP"]
[Source "lmi"]
[SourceDate "2009.11.05"]

1. d4 g6 2. c4 Bg7 3. Nc3 d6 4. e4 e5 5. Be3 Nc6 6. Nge2 Nf6 7. f3 O-O 8. Qd2
Bd7 9. O-O-O a6 10. g4 b5 11. Ng3 exd4 12. Bxd4 Nxd4 13. Qxd4 Nxg4 14. Qd2 Ne5
15. f4 Nxc4 16. Bxc4 bxc4 17. e5 Bg4 18. Rde1 dxe5 0-1

[Event "Madrid ch - Previa B"]
[Site "Madrid"]
[Date "2009.11.05"]
[Round "1.5"]
[White "Esquivias Gomez, Fco. Javier"]
[Black "Fariñas Lucas, Juan Antonio"]
[Result "1-0"]
[WhiteElo "2004"]
[BlackElo "1742"]
[PlyCount "49"]
[EventDate "2009.11.05"]
[EventType "swiss"]
[EventRounds "9"]
[EventCountry "ESP"]
[Source "lmi"]
[SourceDate "2009.11.05"]

1. e4 c5 2. c4 Nc6 3. Nc3 d6 4. g3 Nf6 5. Bg2 e5 6. d3 Be7 7. Nge2 Bg4 8. f3
Be6 9. O-O O-O 10. Bg5 Nxe4 11. Nxe4 Bxg5 12. f4 Be7 13. f5 d5 14. fxe6 dxe4
15. exf7+ Rxf7 16. Rxf7 Kxf7 17. Bxe4 Kg8 18. Qa4 Nd4 19. Bd5+ Kh8 20. Nxd4
exd4 21. Rf1 Qc7 22. Rf7 Qe5 23. Bxb7 Qe1+ 24. Kg2 Qe2+ 25. Rf2 1-0

[Event "Madrid ch - Previa B"]
[Site "Madrid"]
[Date "2009.11.05"]
[Round "1.6"]
[White "Sanz Moriñigo, Francisco J"]
[Black "Sanchez Millan, Eduardo"]
[Result "0-1"]
[WhiteElo "1736"]
[BlackElo "1976"]
[PlyCount "134"]
[EventDate "2009.11.05"]
[EventType "swiss"]
[EventRounds "9"]
[EventCountry "ESP"]
[Source "lmi"]
[SourceDate "2009.11.05"]

1. e4 c5 2. Nf3 d6 3. d4 cxd4 4. Nxd4 Nf6 5. Nc3 g6 6. Be3 Bg7 7. Qd2 Nc6 8. f3
h5 9. Be2 Bd7 10. O-O Ne5 11. Nd5 Nxd5 12. exd5 Rc8 13. Rac1 Nc4 14. Bxc4 Rxc4
15. b3 Rc8 16. c4 O-O 17. Bh6 Bxh6 18. Qxh6 b5 19. Ne6 Bxe6 20. dxe6 bxc4 21.
bxc4 Qb6+ 22. Kh1 Qd4 23. Rfd1 Qg7 24. exf7+ Kxf7 25. Qe3 Rc5 26. Rd5 Rfc8 27.
Re1 Qf6 28. Rxc5 Rxc5 29. Rd1 Qe6 30. Qf4+ Ke8 31. Rc1 Qe2 32. Qe4 Qxe4 33.
fxe4 Kd7 34. Kg1 Ke6 35. Kf2 Ke5 36. Ke3 Ra5 37. Rc3 Rxa2 38. c5 dxc5 39. Rxc5+
Kf6 40. Kf3 a5 41. h3 a4 42. g4 hxg4+ 43. hxg4 a3 44. g5+ Kf7 45. Ra5 Ra1 46.
Kg2 a2 47. Kh2 Ke8 48. Ra7 e5 49. Kg2 Kd8 50. Kh2 Kc8 51. Kg2 Kb8 52. Ra5 Kc7
53. Kh2 Kc6 54. Kg2 Kb6 55. Ra8 Kc5 56. Ra4 Kb5 57. Ra8 Kc4 58. Kh2 Kd3 59. Ra4
Ke3 60. Kg2 Kf4 61. Kh2 Kxg5 62. Ra6 Kf4 63. Ra4 Ke3 64. Kg2 Kd3 65. Kh2 Kc3
66. Ra6 Rb1 67. Rc6+ Kd4 0-1

[Event "Madrid ch - Previa B"]
[Site "Madrid"]
[Date "2009.11.05"]
[Round "1.7"]
[White "Rollano Carcajona, Ruben"]
[Black "Rojas Pozo, Jose Luis"]
[Result "0-1"]
[WhiteElo "1718"]
[BlackElo "1931"]
[PlyCount "68"]
[EventDate "2009.11.05"]
[EventType "swiss"]
[EventRounds "9"]
[EventCountry "ESP"]
[Source "lmi"]
[SourceDate "2009.11.05"]

1. d4 Nf6 2. c4 g6 3. Nc3 Bg7 4. Nf3 O-O 5. e4 d6 6. Be2 e5 7. dxe5 dxe5 8. O-O
c6 9. Qc2 Qe7 10. b3 Bg4 11. h3 Bxf3 12. Bxf3 Na6 13. a3 Nc7 14. Be3 Ne6 15.
Ne2 Rfd8 16. b4 Nd4 17. Bxd4 exd4 18. Rad1 c5 19. bxc5 Qxc5 20. e5 Qxe5 21.
Bxb7 Rab8 22. Bf3 Qc5 23. Qd3 Nd7 24. Bd5 Ne5 25. Qg3 Nxc4 26. Bxc4 Qxc4 27.
Rd3 Rb2 28. Rc1 Rc2 29. Rxc2 Qxc2 30. Nxd4 Qb1+ 31. Kh2 Rxd4 32. Rb3 Qd1 33.
Re3 Rd8 34. Qc7 Qd6+ 0-1

[Event "Madrid ch - Previa B"]
[Site "Madrid"]
[Date "2009.11.05"]
[Round "1.8"]
[White "Dominguez Alfara, Miguel"]
[Black "Ocaña Lameiro, Oliver"]
[Result "1/2-1/2"]
[WhiteElo "1652"]
[BlackElo "1904"]
[PlyCount "93"]
[EventDate "2009.11.05"]
[EventType "swiss"]
[EventRounds "9"]
[EventCountry "ESP"]
[Source "lmi"]
[SourceDate "2009.11.05"]

1. d4 c5 2. e3 d5 3. Nf3 a6 4. c4 e6 5. Bd3 dxc4 6. Bxc4 b5 7. Be2 Bb7 8. b3
Nd7 9. Bb2 Ngf6 10. O-O Be7 11. Qc2 Rc8 12. Qd2 Ne4 13. Qd1 O-O 14. a4 b4 15.
Bc4 Bf6 16. Nbd2 Nxd2 17. Nxd2 cxd4 18. Bxd4 Bxd4 19. exd4 Nb6 20. Qg4 e5 21.
a5 Nxc4 22. Nxc4 Qxd4 23. Qxd4 exd4 24. Nd6 Rc7 25. Nxb7 Rxb7 26. Rfd1 Rd8 27.
Rac1 g6 28. Rc6 d3 29. Kf1 d2 30. Rxa6 Rc7 31. g3 Rc1 32. Ke2 Re8+ 33. Kxd2 Rc3
34. Rb1 Rd8+ 35. Ke2 Rdd3 36. Rb6 Rxb3 37. Rxb4 Ra3 38. a6 Rdc3 39. Kd2 Rd3+
40. Ke2 Rdc3 41. Rb6 Rc2+ 42. Ke1 Raa2 43. Rf6 Kg7 44. Rf3 Rxa6 45. Kf1 Rf6 46.
Rbb3 Rxf3 47. Rxf3 1/2-1/2

[Event "Madrid ch - Previa B"]
[Site "Madrid"]
[Date "2009.11.05"]
[Round "1.10"]
[White "Torres Sevilla, Cristian"]
[Black "Zea Ruiz, Elena"]
[Result "1-0"]
[WhiteElo "1889"]
[BlackElo "1646"]
[PlyCount "65"]
[EventDate "2009.11.05"]
[EventType "swiss"]
[EventRounds "9"]
[EventCountry "ESP"]
[Source "lmi"]
[SourceDate "2009.11.05"]

1. d4 d5 2. c4 e6 3. Nc3 Nf6 4. cxd5 exd5 5. Bg5 Be7 6. e3 Nbd7 7. Bd3 b6 8.
Nge2 Bb7 9. O-O a6 10. Qc2 c5 11. Rfe1 Rc8 12. Bf5 b5 13. dxc5 Bxc5 14. Bxf6
Qxf6 15. Bxd7+ Kxd7 16. Rad1 Bb4 17. a3 Bxc3 18. Nxc3 h5 19. Qb3 h4 20. Nxd5
Bxd5 21. Qxd5+ Kc7 22. Rd4 g5 23. Qd7+ Kb8 24. Rd6 Rhd8 25. Qxc8+ Rxc8 26. Rxf6
Rc2 27. Rxf7 Rxb2 28. e4 Ra2 29. e5 Rxa3 30. e6 Kc8 31. Rc1+ Kd8 32. Rd7+ Ke8
33. Rc8# 1-0

[Event "Madrid ch - Previa B"]
[Site "Madrid"]
[Date "2009.11.05"]
[Round "1.11"]
[White "Garcia Hernandez, Javier"]
[Black "Cano Mercado, Francisco Manuel"]
[Result "1-0"]
[WhiteElo "1640"]
[BlackElo "1887"]
[PlyCount "55"]
[EventDate "2009.11.05"]
[EventType "swiss"]
[EventRounds "9"]
[EventCountry "ESP"]
[Source "lmi"]
[SourceDate "2009.11.05"]

1. d4 Nf6 2. c4 e6 3. Nc3 Bb4 4. Qc2 O-O 5. a3 Bxc3+ 6. Qxc3 d5 7. Bg5 c6 8. e3
Nbd7 9. Nf3 Qe7 10. Ne5 Re8 11. Bd3 dxc4 12. Qxc4 Nb6 13. Qc2 h6 14. Bh4 Nbd5
15. Bh7+ Kh8 16. Bg6 Rf8 17. Bxf7 Rxf7 18. Ng6+ Kg8 19. Nxe7+ Nxe7 20. Bxf6
Rxf6 21. e4 b6 22. O-O Bb7 23. Rfe1 Rc8 24. Qa4 a5 25. b4 c5 26. dxc5 bxc5 27.
bxc5 Rxc5 28. Qe8+ 1-0

[Event "Madrid ch - Previa B"]
[Site "Madrid"]
[Date "2009.11.05"]
[Round "1.12"]
[White "Noriega De La Sierra, Antonio"]
[Black "Kalinovsky, Martin"]
[Result "1-0"]
[WhiteElo "1881"]
[BlackElo "1632"]
[PlyCount "93"]
[EventDate "2009.11.05"]
[EventType "swiss"]
[EventRounds "9"]
[EventCountry "ESP"]
[Source "lmi"]
[SourceDate "2009.11.05"]

1. d4 Nf6 2. c4 c5 3. Nf3 cxd4 4. Nxd4 Nc6 5. Nb3 g6 6. g3 Bg7 7. Bg2 O-O 8.
O-O Rb8 9. Nc3 d6 10. Bf4 Ra8 11. Qc2 Be6 12. c5 Bxb3 13. Qxb3 Na5 14. Qb4 dxc5
15. Qxc5 b6 16. Qb4 Rc8 17. Rfd1 Qe8 18. Rac1 Rc4 19. Qb5 Qxb5 20. Nxb5 Nh5 21.
Bg5 a6 22. Rxc4 Nxc4 23. Nc7 Nxb2 24. Rb1 e6 25. Nxa6 Rc8 26. Nb4 Na4 27. Nc6
Kh8 28. Rd1 Nc3 29. Rd2 Nf6 30. Rc2 Nfd5 31. e4 Rxc6 32. exd5 exd5 33. Be7 Re6
34. Bb4 d4 35. a4 Re1+ 36. Bf1 Ra1 37. Be7 d3 38. Rd2 Nd5 39. Bd6 Rxa4 40. Rxd3
Nf6 41. Be7 Ng8 42. Rd8 Ra7 43. Bb4 Ra4 44. Bd2 Bd4 45. Bb5 Ra1+ 46. Kg2 Bc5
47. Bc3+ 1-0

[Event "Madrid ch - Previa B"]
[Site "Madrid"]
[Date "2009.11.05"]
[Round "1.13"]
[White "Vicario Ramirez, Celestino"]
[Black "Leniz Martinez, Francisco"]
[Result "1-0"]
[WhiteElo "1612"]
[BlackElo "1870"]
[PlyCount "69"]
[EventDate "2009.11.05"]
[EventType "swiss"]
[EventRounds "9"]
[EventCountry "ESP"]
[Source "lmi"]
[SourceDate "2009.11.05"]

1. e4 c5 2. Nf3 g6 3. d4 cxd4 4. Nxd4 Bg7 5. Be3 Nf6 6. Nc3 Qa5 7. Qd2 O-O 8.
O-O-O Nc6 9. Nb3 Qd8 10. Bh6 d6 11. Bxg7 Kxg7 12. f3 Be6 13. g4 Rh8 14. Kb1 Qb6
15. Nd5 Bxd5 16. exd5 Ne5 17. Be2 Rac8 18. h4 Nc4 19. Bxc4 Rxc4 20. h5 Rcc8 21.
Rhe1 Qc7 22. h6+ Kf8 23. c3 Qd8 24. g5 Nd7 25. f4 Rg8 26. Re3 Qb6 27. Rde1 Re8
28. Qe2 Qd8 29. Na5 Qxa5 30. Rxe7 Ne5 31. Rxe8+ Kxe8 32. fxe5 Qxd5 33. exd6+
Kd7 34. Qe7+ Kc8 35. Qc7# 1-0

[Event "Madrid ch - Previa B"]
[Site "Madrid"]
[Date "2009.11.05"]
[Round "1.15"]
[White "Jimenez Vera, Ruben"]
[Black "Cardeña Contreras, Javier"]
[Result "0-1"]
[WhiteElo "1554"]
[BlackElo "1862"]
[PlyCount "42"]
[EventDate "2009.11.05"]
[EventType "swiss"]
[EventRounds "9"]
[EventCountry "ESP"]
[Source "lmi"]
[SourceDate "2009.11.05"]

1. d4 d5 2. c4 Nc6 3. Nf3 Bg4 4. e3 e5 5. dxe5 Nxe5 6. Qa4+ Bd7 7. Qd1 Bb4+ 8.
Bd2 Bxd2+ 9. Nbxd2 Nxf3+ 10. Qxf3 Bc6 11. Qg3 Qf6 12. Rb1 Ne7 13. cxd5 Nxd5 14.
Bc4 O-O 15. O-O Rfe8 16. a3 Rad8 17. Rfd1 Ba4 18. b3 Nc3 19. bxa4 Nxb1 20. Rxb1
Rxd2 21. Qxc7 Qxf2+ 0-1

[Event "Madrid ch - Previa B"]
[Site "Madrid"]
[Date "2009.11.05"]
[Round "1.16"]
[White "Marcos Herrero, Francisco"]
[Black "Martin Garcia, Francisco J"]
[Result "1-0"]
[WhiteElo "1851"]
[BlackElo "1533"]
[PlyCount "87"]
[EventDate "2009.11.05"]
[EventType "swiss"]
[EventRounds "9"]
[EventCountry "ESP"]
[Source "lmi"]
[SourceDate "2009.11.05"]

1. e4 c5 2. Nc3 Nc6 3. g3 g6 4. Bg2 Bg7 5. d3 e5 6. f4 d6 7. Nh3 Nge7 8. O-O
O-O 9. f5 gxf5 10. exf5 Bxf5 11. Rxf5 Nxf5 12. Be4 Nfe7 13. Qh5 f5 14. Ng5 h6
15. Ne6 Qe8 16. Qxe8 Raxe8 17. Bxc6 Nxc6 18. Nxf8 Rxf8 19. Be3 a6 20. Nd5 Rf7
21. c3 Ne7 22. Nb6 Kh7 23. Rd1 Bf6 24. d4 cxd4 25. cxd4 Bg5 26. Bxg5 hxg5 27.
dxe5 dxe5 28. Rd7 Kg7 29. Rxb7 Ng6 30. Rxf7+ Kxf7 31. Nd5 Ne7 32. Nxe7 Kxe7 33.
b4 Kd6 34. h4 gxh4 35. gxh4 e4 36. h5 Ke5 37. h6 Kf6 38. h7 Kg7 39. a4 e3 40.
b5 axb5 41. axb5 f4 42. b6 f3 43. h8=Q+ Kxh8 44. b7 1-0

[Event "Madrid ch - Previa B"]
[Site "Madrid"]
[Date "2009.11.05"]
[Round "1.17"]
[White "Aranda Perez, Ivan"]
[Black "Morona Minguez, Irene"]
[Result "0-1"]
[WhiteElo "1428"]
[BlackElo "1844"]
[PlyCount "64"]
[EventDate "2009.11.05"]
[EventType "swiss"]
[EventRounds "9"]
[EventCountry "ESP"]
[Source "lmi"]
[SourceDate "2009.11.05"]

1. e4 c5 2. c3 d5 3. exd5 Qxd5 4. d4 cxd4 5. Qxd4 Qxd4 6. cxd4 Nc6 7. Bb5 Bd7
8. Ne2 a6 9. Bxc6 Bxc6 10. O-O g6 11. Be3 Bg7 12. Nd2 e6 13. Nb3 Ne7 14. Na5
O-O 15. Rac1 Bb5 16. Rfe1 b6 17. Nb3 Nf5 18. Nc3 Bc4 19. Nd2 Rac8 20. a4 Bxd4
21. Bxd4 Nxd4 22. Re4 Rfd8 23. Rd1 Bd3 24. Ree1 Nf5 25. Rc1 Nd4 26. Rcd1 f6 27.
h3 Kf7 28. Kh2 Rd7 29. Nde4 Bxe4 30. Rxe4 Rxc3 31. bxc3 Nf3+ 32. Kh1 Rxd1+ 0-1

[Event "Madrid ch - Previa B"]
[Site "Madrid"]
[Date "2009.11.05"]
[Round "1.18"]
[White "Molina Garcia, Francisco J"]
[Black "Gomez Arce, David"]
[Result "1-0"]
[WhiteElo "1842"]
[BlackElo "1393"]
[PlyCount "47"]
[EventDate "2009.11.05"]
[EventType "swiss"]
[EventRounds "9"]
[EventCountry "ESP"]
[Source "lmi"]
[SourceDate "2009.11.05"]

1. e4 d5 2. exd5 Qxd5 3. Nc3 Qd6 4. d4 Nc6 5. Nf3 a6 6. Be2 Bf5 7. a3 O-O-O 8.
Be3 Nf6 9. O-O e6 10. Qc1 e5 11. dxe5 Nxe5 12. Rd1 Nxf3+ 13. Bxf3 Qe7 14. b4 g6
15. Bc5 Qe8 16. Re1 Qd7 17. Qe3 Bxc5 18. Qxc5 b6 19. Qc4 b5 20. Qc5 Qd4 21. Qc6
Qb6 22. Qa8+ Kd7 23. Rad1+ Qd6 24. Bc6# 1-0

[Event "Madrid ch - Previa B"]
[Site "Madrid"]
[Date "2009.11.06"]
[Round "2.1"]
[White "Cardeña Contreras, Javier"]
[Black "Beltran De Heredia E., Miguel"]
[Result "1-0"]
[WhiteElo "1862"]
[BlackElo "2054"]
[PlyCount "91"]
[EventDate "2009.11.05"]
[EventType "swiss"]
[EventRounds "9"]
[EventCountry "ESP"]
[Source "lmi"]
[SourceDate "2009.11.05"]

1. e4 c5 2. Nf3 Nc6 3. d4 cxd4 4. Nxd4 Nf6 5. Nc3 e5 6. Ndb5 d6 7. Nd5 Nxd5 8.
exd5 Nb8 9. c4 Be7 10. Bd3 O-O 11. O-O a6 12. Nc3 f5 13. f3 Nd7 14. Be3 Bg5 15.
Bf2 Qc7 16. a4 Nc5 17. b4 Nxd3 18. Qxd3 b6 19. a5 bxa5 20. Rxa5 Rb8 21. Rb1
Rxb4 22. Rxb4 Qxa5 23. Qb1 Qc7 24. Bb6 Qe7 25. Qd3 e4 26. fxe4 fxe4 27. Nxe4
Bf5 28. c5 Qe5 29. cxd6 Bd2 30. Qd4 Be3+ 31. Qxe3 Qa1+ 32. Kf2 Bxe4+ 33. Ke2
Qf1+ 34. Kd2 Qxg2+ 35. Qe2 Qg5+ 36. Kc3 Qc1+ 37. Kd4 Bg6 38. Rc4 Qa1+ 39. Kc5
Qa3+ 40. Kc6 Kh8 41. d7 Rf6+ 42. Kb7 Rxb6+ 43. Kxb6 Qd6+ 44. Rc6 Qxd7 45. Qe6
Qd8+ 46. Kb7 1-0

[Event "Madrid ch - Previa B"]
[Site "Madrid"]
[Date "2009.11.06"]
[Round "2.2"]
[White "Gomez Gonzalez, Javier"]
[Black "Marcos Herrero, Francisco"]
[Result "1-0"]
[WhiteElo "2044"]
[BlackElo "1851"]
[PlyCount "43"]
[EventDate "2009.11.05"]
[EventType "swiss"]
[EventRounds "9"]
[EventCountry "ESP"]
[Source "lmi"]
[SourceDate "2009.11.05"]

1. e4 d6 2. d4 Nf6 3. Nc3 g6 4. Nf3 Bg7 5. Be2 O-O 6. O-O c6 7. a4 Bg4 8. h3
Bxf3 9. Bxf3 e5 10. Be3 Nbd7 11. Qd2 Qa5 12. Rab1 exd4 13. Bxd4 Ne5 14. Be2 c5
15. Be3 Rad8 16. Rfd1 Qb4 17. Bg5 Kh8 18. Qf4 Nfd7 19. Bxd8 Rxd8 20. Rxd6 h6
21. Qd2 Nc4 22. Bxc4 1-0

[Event "Madrid ch - Previa B"]
[Site "Madrid"]
[Date "2009.11.06"]
[Round "2.3"]
[White "Morona Minguez, Irene"]
[Black "Martin Duque, Jesus"]
[Result "1/2-1/2"]
[WhiteElo "1844"]
[BlackElo "2020"]
[PlyCount "54"]
[EventDate "2009.11.05"]
[EventType "swiss"]
[EventRounds "9"]
[EventCountry "ESP"]
[Source "lmi"]
[SourceDate "2009.11.05"]

1. e4 e6 2. d3 d5 3. Nd2 Nf6 4. Ngf3 c5 5. g3 Be7 6. Bg2 Nc6 7. O-O b6 8. Re1
Bb7 9. e5 Nd7 10. Qe2 Qc7 11. c4 Nb4 12. cxd5 Nxd5 13. Nc4 O-O-O 14. Bd2 h6 15.
d4 Kb8 16. Rac1 Ba6 17. a4 Rc8 18. Qd1 Qd8 19. Ne3 g5 20. Nxd5 exd5 21. a5 c4
22. e6 fxe6 23. Rxe6 Nf8 24. Re1 Bf6 25. Ne5 Bxe5 26. Rxe5 Bb7 27. axb6 axb6
1/2-1/2

[Event "Madrid ch - Previa B"]
[Site "Madrid"]
[Date "2009.11.06"]
[Round "2.4"]
[White "Tome Vazquez, Oscar"]
[Black "Molina Garcia, Francisco J"]
[Result "1/2-1/2"]
[WhiteElo "2020"]
[BlackElo "1842"]
[PlyCount "78"]
[EventDate "2009.11.05"]
[EventType "swiss"]
[EventRounds "9"]
[EventCountry "ESP"]
[Source "lmi"]
[SourceDate "2009.11.05"]

1. Nf3 Nf6 2. c4 e6 3. g3 d5 4. Bg2 Be7 5. O-O O-O 6. b3 c6 7. Bb2 Qb6 8. Qc2
Na6 9. a3 dxc4 10. bxc4 Rd8 11. Nc3 Nc5 12. Rab1 Qb3 13. Qxb3 Nxb3 14. d3 e5
15. Rfd1 e4 16. Ng5 e3 17. Nge4 exf2+ 18. Nxf2 Ng4 19. Nxg4 Bxg4 20. h3 Be6 21.
Na4 Nc5 22. Nxc5 Bxc5+ 23. d4 Bd6 24. d5 cxd5 25. cxd5 Bd7 26. g4 Ba4 27. Rdc1
Rac8 28. e4 Bf4 29. Rxc8 Rxc8 30. Bd4 b6 31. e5 Rc4 32. Bb2 Rc2 33. e6 fxe6 34.
dxe6 Bb3 35. e7 Re2 36. Bc3 Bc4 37. Re1 Rxe1+ 38. Bxe1 Kf7 39. Bb4 Bg5 1/2-1/2

[Event "Madrid ch - Previa B"]
[Site "Madrid"]
[Date "2009.11.06"]
[Round "2.5"]
[White "Gallardo Perez, Jesus"]
[Black "Esquivias Gomez, Fco. Javier"]
[Result "0-1"]
[WhiteElo "1832"]
[BlackElo "2004"]
[PlyCount "104"]
[EventDate "2009.11.05"]
[EventType "swiss"]
[EventRounds "9"]
[EventCountry "ESP"]
[Source "lmi"]
[SourceDate "2009.11.05"]

1. c4 e5 2. Nc3 Nc6 3. Nf3 f5 4. d3 Bb4 5. a3 Bxc3+ 6. bxc3 Nf6 7. g3 O-O 8.
Bg2 d6 9. Qc2 Qe8 10. e4 fxe4 11. dxe4 b6 12. h3 Kh8 13. g4 Na5 14. Bg5 Nxc4
15. Nh4 Ng8 16. Bf1 Be6 17. Nf5 Na5 18. c4 Qc6 19. Rc1 Bxf5 20. gxf5 Rxf5 21.
Rg1 Rf7 22. Bd3 Qc5 23. Rg3 Nc6 24. Qb2 Raf8 25. Be3 Nd4 26. f4 Nf6 27. f5 Nh5
28. Rg4 Nf4 29. Bxf4 exf4 30. Rxf4 Nb3 31. Rc2 Qe3+ 32. Re2 Qxf4 33. Qxb3 Qc1+
34. Kf2 Qf4+ 35. Ke1 Qg3+ 36. Kd2 Qxh3 37. Qd1 Qh6+ 38. Kc2 Qf6 39. Qh1 Re7 40.
Rh2 h6 41. Rg2 Qe5 42. Qg1 Rf6 43. Qf2 c5 44. Rg6 Rxg6 45. fxg6 Qf6 46. Qg3 Re5
47. Qg4 Qe6 48. Qg3 Rg5 49. Qf3 Qf6 50. Qh3 Qf2+ 51. Kc3 Qf8 52. Qe6 Qf6+ 0-1

[Event "Madrid ch - Previa B"]
[Site "Madrid"]
[Date "2009.11.06"]
[Round "2.6"]
[White "Sanchez Millan, Eduardo"]
[Black "Nieto Esteban, Manuel"]
[Result "1-0"]
[WhiteElo "1976"]
[BlackElo "1801"]
[PlyCount "111"]
[EventDate "2009.11.05"]
[EventType "swiss"]
[EventRounds "9"]
[EventCountry "ESP"]
[Source "lmi"]
[SourceDate "2009.11.05"]

1. d4 d5 2. c4 dxc4 3. Nc3 e5 4. d5 Nf6 5. e4 Bc5 6. Qa4+ c6 7. Qxc4 Bb6 8. Nf3
cxd5 9. exd5 O-O 10. Be2 Qc7 11. Qh4 Bf5 12. O-O a6 13. Bd2 Nbd7 14. Rac1 Qd6
15. Na4 Ba7 16. Bb4 Qxd5 17. Bxf8 Rxf8 18. Qb4 b5 19. Nc3 Qb7 20. Nd2 Bc5 21.
Qh4 e4 22. Qf4 Bg6 23. Rfd1 Re8 24. Nf1 Qa7 25. Nd5 Nxd5 26. Rxd5 Bb6 27. Qd6
Bxf2+ 28. Kh1 Nf6 29. Re5 Rxe5 30. Qxe5 h6 31. Rc8+ Kh7 32. Qb8 Qxb8 33. Rxb8
Nd5 34. Ra8 Nf4 35. Bd1 e3 36. Re8 Bd3 37. Nxe3 Ne6 38. Bc2 Bxc2 39. Nxc2 Nc5
40. g3 Na4 41. Kg2 Bb6 42. b3 Nc3 43. Ra8 a5 44. Rb8 Nd5 45. Na3 Bc7 46. Rxb5
Nb4 47. Rb7 Bd8 48. Rd7 Bf6 49. Nc4 Nxa2 50. Nxa5 Kg8 51. Nc6 Nc3 52. Rb7 Bg5
53. b4 Nd5 54. b5 Be3 55. Ne7+ Nxe7 56. Rxe7 1-0

[Event "Madrid ch - Previa B"]
[Site "Madrid"]
[Date "2009.11.06"]
[Round "2.7"]
[White "Navas Jimenez, Julian"]
[Black "Corral Aragon, Juan Maria"]
[Result "1-0"]
[WhiteElo "1949"]
[BlackElo "1781"]
[PlyCount "56"]
[EventDate "2009.11.05"]
[EventType "swiss"]
[EventRounds "9"]
[EventCountry "ESP"]
[Source "lmi"]
[SourceDate "2009.11.05"]

1. d4 d5 2. c4 c6 3. Nf3 dxc4 4. e3 b5 5. a4 e6 6. axb5 cxb5 7. b3 Bb4+ 8. Bd2
Bxd2+ 9. Qxd2 cxb3 10. Bxb5+ Bd7 11. Qb4 Qb6 12. Nc3 Nc6 13. Qxb3 Nge7 14. Ra6
Qb7 15. Ne4 O-O 16. Nc5 Qc7 17. Nxd7 Qxd7 18. O-O Rfb8 19. Qa4 Rc8 20. Ne5 Qb7
21. Nxc6 Nd5 22. Rc1 Rab8 23. Rc5 Nc3 24. Rxc3 Qxb5 25. Qxb5 Rxb5 26. Ne7+ Kf8
27. Rxc8+ Kxe7 28. Rxa7+ Kf6 1-0

[Event "Madrid ch - Previa B"]
[Site "Madrid"]
[Date "2009.11.06"]
[Round "2.8"]
[White "Rojas Pozo, Jose Luis"]
[Black "Garcia Hernandez, Javier"]
[Result "1/2-1/2"]
[WhiteElo "1931"]
[BlackElo "1640"]
[PlyCount "45"]
[EventDate "2009.11.05"]
[EventType "swiss"]
[EventRounds "9"]
[EventCountry "ESP"]
[Source "lmi"]
[SourceDate "2009.11.05"]

1. e4 e6 2. d4 d5 3. e5 c5 4. c3 Nc6 5. Nf3 Qb6 6. Be2 Nh6 7. Bxh6 gxh6 8. Qd2
Bg7 9. O-O O-O 10. Na3 Bd7 11. Nc2 cxd4 12. cxd4 f6 13. exf6 Rxf6 14. b4 Rc8
15. b5 Ne7 16. Ne5 Bxb5 17. Rab1 Qc7 18. Rxb5 Qxc2 19. Qxc2 Rxc2 20. Rxb7 Ng6
21. Bd3 Rxa2 22. Nxg6 hxg6 23. f3 1/2-1/2